Le manomissioni mortis causa. Studi sulle fonti autoritative romane

Saved in:
Bibliografiske detaljer
Hovedforfatter: Impallomeni, Giambattista (Author)
Format: Bog
Sprog:italiensk
Udgivet: Padua CEDAM 1963
Serier:Pubblicazioni della Facoltà di Giurisprudenza dell' Università di Padova, 33
Fag:
Tags: Tilføj Tag
Ingen Tags, Vær først til at tagge denne postø!

MARC

LEADER 00000nam a2200000 a 4500
001 UCR0986
003 CL-VaPUC
008 971205e19630000IT |||||||||||||||||ita|d
082 0 4 |a 340.54  |b IMP  |2 21 
100 |a Impallomeni, Giambattista  |e author  |9 421513 
245 1 3 |a Le manomissioni mortis causa. Studi sulle fonti autoritative romane 
300 |a 277 p 
942 |c BK 
945 |d 19971205 00:00:00  |a aolguin 
260 |a Padua  |b CEDAM  |c 1963 
650 0 |a Derecho romano  |9 255930 
650 0 |a Testamento  |9 258220 
650 7 |a MANUMISION  |2 CL-VaPUC  |9 397682 
650 7 |a DERECHO HEREDITARIO  |2 CL-VaPUC  |9 397683 
650 0 |a Tutelas   |9 384923 
650 0 |a Derecho pretorio  |9 397582 
650 0 |a Fideicomiso   |9 258680 
650 7 |a LEGISLACION  |2 CL-VaPUC  |9 397684 
650 0 |a Derecho sucesorio  |9 255015 
650 0 |a Negocio jurídico  |9 258242 
650 0 |a Derecho justiniano  |9 397596 
583 |a last modification  |c 19971205 00:00:00  |k Rodrigo Vera 
490 0 |a Pubblicazioni della Facoltà di Giurisprudenza dell' Università di Padova, 33 
999 |c 264481  |d 264479 
952 |0 0  |1 0  |4 0  |6 340_540000000000000_IMP_1963  |7 0  |8 DER_ROM  |9 294762  |a BIBDER  |b BIBDER  |d 2019-11-19  |i 1909673  |o 340.54 IMP 1963  |p 1909673  |r 2023-01-25  |w 2019-11-19  |x Ubicación 4to piso  |y BK  |z Este recurso debe solicitarse con anticipación  |k DER